[Event "Budapest-chT1 Lilienthal 1213"]
[Site "Budapest"]
[Date "2012.11.25"]
[Round "4"]
[White "Kapuszta, Csaba"]
[Black "Csehy, Sandor"]
[Result "1/2-1/2"]
[WhiteElo "1742"]
[BlackElo "1772"]
[PlyCount "45"]
[EventDate "2012.09.30"]
[EventType "team-tourn"]
[EventRounds "11"]
[EventCountry "HUN"]
[SourceTitle "EXT 2019"]
[Source "ChessBase"]
[SourceDate "2018.10.10"]
[SourceVersion "1"]
[SourceVersionDate "2018.10.10"]
[SourceQuality "1"]
[WhiteTeam "Budapest REAC SISE"]
[BlackTeam "Taban Spartacus II"]
[WhiteTeamCountry "HUN"]
[BlackTeamCountry "HUN"]

1. b3 c5 2. Bb2 Nc6 3. e3 d5 4. Nf3 Bg4 5. Be2 e6 6. h3 Bh5 7. d3 Nf6 8. Nbd2 Be7 9. 0-0 0-0 10. Nh2 Bg6 11. f4 h6 12. c4 dxc4 13. dxc4 Qc7 14. Qe1 Rad8 15. Ng4 Nxg4 16. Bxg4 Nb4 17. Be5 Bd6 18. Nf3 Nc2 19. Qc3 Bxe5 20. Nxe5 Nxa1 21. Nxg6 fxg6 22. Bxe6+ Kh8 23. Rxa1 1/2-1/2

[Event "Budapest-chT1 Lilienthal 1011"]
[Site "Budapest"]
[Date "2011.03.06"]
[Round "10"]
[White "Csehy, Sandor"]
[Black "Kiss, Balazs3"]
[Result "1/2-1/2"]
[WhiteElo "1803"]
[BlackElo "1715"]
[PlyCount "105"]
[EventDate "2010.09.19"]
[EventType "team-tourn"]
[EventRounds "11"]
[EventCountry "HUN"]
[SourceTitle "EXT 2020"]
[Source "ChessBase"]
[SourceDate "2019.10.17"]
[SourceVersion "1"]
[SourceVersionDate "2019.10.17"]
[SourceQuality "1"]
[WhiteTeam "Taban Spartacus II"]
[BlackTeam "Vizugy II"]
[WhiteTeamCountry "HUN"]
[BlackTeamCountry "HUN"]

1. c4 d5 2. cxd5 Qxd5 3. Nc3 Qd8 4. g3 c6 5. Bg2 Bf5 6. Nf3 e6 7. Qb3 Qb6 8. Qxb6 axb6 9. d3 Nd7 10. 0-0 e5 11. b3 Ngf6 12. d4 exd4 13. Nxd4 Bg6 14. e4 Bc5 15. Nde2 Ne5 16. Nf4 Rd8 17. Nxg6 hxg6 18. Bg5 Rd3 19. Na4 Bd4 20. Rad1 b5 21. Rxd3 Nxd3 22. Rd1 Bxf2+ 23. Kf1 bxa4 24. Rxd3 Bb6 25. h4 axb3 26. Rxb3 Nd7 27. Bh3 f6 28. Bd2 f5 29. e5 Ke7 30. a4 Ra8 31. g4 Ke6 32. Rf3 Nxe5 33. gxf5+ gxf5 34. Rxf5 Kd6 35. Bf4 Bd4 36. Rf7 Rxa4 37. Rxg7 Ra1+ 38. Ke2 Ra2+ 39. Kd1 Ra1+ 40. Ke2 Rh1 41. Rg3 Rh2+ 42. Kd1 Kc5 43. Rc3+ Bxc3 44. Bxh2 b5 45. h5 Nf7 46. Kc2 Bg7 47. Bf4 Kd4 48. Bd7 Kd5 49. Be8 Nh6 50. Bd2 Bf8 51. Kb3 Nf5 52. Bf7+ Ke5 53. Be8 1/2-1/2

[Event "Budapest-chT1 Lilienthal 1011"]
[Site "Budapest"]
[Date "2011.02.06"]
[Round "8"]
[White "Dlauchy, Peter"]
[Black "Csehy, Sandor"]
[Result "1-0"]
[WhiteElo "1881"]
[BlackElo "1803"]
[PlyCount "65"]
[EventDate "2010.09.19"]
[EventType "team-tourn"]
[EventRounds "11"]
[EventCountry "HUN"]
[SourceTitle "EXT 2020"]
[Source "ChessBase"]
[SourceDate "2019.10.17"]
[SourceVersion "1"]
[SourceVersionDate "2019.10.17"]
[SourceQuality "1"]
[WhiteTeam "Budapest Vasas II"]
[BlackTeam "Taban Spartacus II"]
[WhiteTeamCountry "HUN"]
[BlackTeamCountry "HUN"]

1. e4 c5 2. Nf3 Nc6 3. d4 cxd4 4. Nxd4 d6 5. Nc3 g6 6. Be3 Bg7 7. f3 Bd7 8. Bc4 Nf6 9. Qd2 a6 10. 0-0-0 Rc8 11. Bb3 Na5 12. Bh6 0-0 13. h4 Nxb3+ 14. Nxb3 Kh8 15. Bxg7+ Kxg7 16. h5 gxh5 17. Nd5 Nxd5 18. Qxd5 f6 19. Qxh5 Rh8 20. Rh4 Qc7 21. c3 Qc4 22. e5 Qe6 23. Rg4+ Kf8 24. Qh6+ Ke8 25. exd6 f5 26. Qxe6 Bxe6 27. Rg7 exd6 28. Re1 Kf8 29. Rxb7 Bc4 30. Ree7 Rg8 31. Rec7 Re8 32. Rxc4 Rxg2 33. Nd2 1-0

[Event "Budapest-chT1 Lilienthal 1011"]
[Site "Budapest"]
[Date "2010.12.12"]
[Round "6"]
[White "Csehy, Sandor"]
[Black "Vass, Lajos"]
[Result "0-1"]
[WhiteElo "1803"]
[BlackElo "2096"]
[PlyCount "92"]
[EventDate "2010.09.19"]
[EventType "team-tourn"]
[EventRounds "11"]
[EventCountry "HUN"]
[SourceTitle "EXT 2020"]
[Source "ChessBase"]
[SourceDate "2019.10.17"]
[SourceVersion "1"]
[SourceVersionDate "2019.10.17"]
[SourceQuality "1"]
[WhiteTeam "Taban Spartacus II"]
[BlackTeam "Budapest EAC III"]
[WhiteTeamCountry "HUN"]
[BlackTeamCountry "HUN"]

1. c4 Nf6 2. Nc3 d5 3. cxd5 Nxd5 4. d3 Nc6 5. g3 Nxc3 6. bxc3 Qd5 7. Nf3 g6 8. Bg2 Bg7 9. Bb2 Qa5 10. Qc2 Bg4 11. 0-0 0-0 12. h3 Bd7 13. Qb3 Qb6 14. Rab1 Qxb3 15. axb3 a5 16. c4 Ra7 17. Bxg7 Kxg7 18. Rb2 Rd8 19. Ng5 Be8 20. Ne4 Nb4 21. Nc3 c6 22. Ra1 e6 23. Na2 Rda8 24. f4 c5 25. Nc3 Rd8 26. Kf2 b6 27. Na4 Bxa4 28. bxa4 h5 29. h4 e5 30. fxe5 Re7 31. Rf1 Rxe5 32. Bf3 Rxd3 33. Rxb4 Rxf3+ 34. Kxf3 cxb4 35. Rc1 Kf6 36. e4 Ke6 37. Kf4 f6 38. Rd1 Rc5 39. Rd4 b3 40. Rd3 g5+ 41. Ke3 Rxc4 42. Rxb3 Rb4 43. Rd3 Rxa4 44. hxg5 fxg5 45. Rd5 Ra3+ 46. Kf2 h4 0-1